ZKM Gdynia - 21 - Statystyki

Ogólne statystyki
  • Ten quiz został rozwiązany 16 razy
  • Średni wynik to 17 z 25
Statystyki odpowiedzi
Miasto Przystanek Ulica % Poprawnych
Sopot Sopot Reja al. Niepodległości
90%
Sopot Malczewskiego al. Niepodległości
80%
Gdynia 3 Maja 10 lutego
70%
Sopot 3 Maja al. Niepodległości
70%
Gdynia Bernadowska Aleja Zwycięstwa
70%
Gdynia Centrum Nauki Experyment Aleja Zwycięstwa
70%
Gdynia Gdynia Dworzec Gł. PKP Pl. Konstytucji
70%
Gdynia Harcerska Aleja Zwycięstwa
70%
Sopot Kamienny Potok SKM al. Niepodległości
70%
Gdynia Kolibki Aleja Zwycięstwa
70%
Gdynia Nawigatorów Aleja Zwycięstwa
70%
Gdynia Orłowo SKM - "Klif" Aleja Zwycięstwa
70%
Gdynia Orłowo SKM - Orłowska Aleja Zwycięstwa
70%
Gdynia Redłowo SKM - Park Technologiczny Aleja Zwycięstwa
70%
Gdynia Skwer Kościuszki - InfoBox Świetojańska
70%
Gdynia Traugutta Świetojańska
70%
Gdynia Wybickiego Świetojańska
70%
Gdynia Wzgórze Św. Maksymiliana SKM Władysława IV
70%
Gdynia Zwycięstwa - Wielkopolska Aleja Zwycięstwa
70%
Sopot Sopot PKP - Niepodległości al. Niepodległości
60%
Sopot Wejherowska al. Niepodległości
60%
Gdynia Wzgórze Św. Maksymiliana - Kapliczka Aleja Zwycięstwa
60%
Gdynia Żwirki i wigury Świetojańska
60%
Sopot Bohaterów Monte Cassino al. Niepodległości
50%
Gdynia Centrum Handlowe Batory 10 lutego
50%
Nie znaleziono quizów pasujących do podanych kryteriów
Rozkład punktacji
Procent ludzi z każdym wynikiem
Percentyl według liczby udzielonych odpowiedzi
Twoja historia wyników
Nie rozwiązałeś tego quizu